000 00681nam a22002411a 4500
001 28968
003 BD-RjUL
005 20211209051343.0
008 140401s1965 ii b 000 0 eng d
035 _a(BD-RjUL)29052
035 _a(BD-RjUL)
040 _aANL
_beng
_cANL
_dBD-RjUL
041 _aeng
082 _a141
_bDAI 2000
100 1 _aDar, Bashir Ahmad.
_988499
245 1 0 _aIqbal and post-Kantian voluntarism /
_cbashir Ahmad dar
260 _aLahore :
_bBazm-i-Iqbal,
_c1965.
300 _aiv, 546 p. ;
_c21cm.
504 _aIncludes bibliographical references.
600 1 0 _aIqbal, Muhammad,
_cSir,
_d1877-1938.
_988509
942 _2ddc
_cBK
999 _c28968
_d28968